Prime Minister Manmohan Singh : (Record no. 146559)

MARC details
000 -LEADER
fixed length control field 00661nam a22002057a 4500
005 - DATE AND TIME OF LATEST TRANSACTION
control field 20171012151354.0
010 ## - LCCN (DPL NO)
LC control number ENG-120855
020 ## - INTERNATIONAL STANDARD BOOK NUMBER
Terms of availability 635.00
International Standard Book Number 9788123019444
035 ## - SYSTEM CONTROL NUMBER
System control number EN-104387
037 ## - SOURCE OF ACQUISITION
Source of stock number/acquisition DBAD/PUB
082 ## - DEWEY DECIMAL CLASSIFICATION NUMBER
Classification number 320.954
100 ## - MAIN ENTRY--PERSONAL NAME
Personal name Manmohan, Singh
245 ## - TITLE STATEMENT
Title Prime Minister Manmohan Singh :
Statement of responsibility, etc by Manmohan Singh
Remainder of title selected speeches /
260 ## - PUBLICATION, DISTRIBUTION, ETC. (IMPRINT)
Place of publication, distribution, etc New Delhi
Name of publisher, distributor, etc Publications Division
Date of publication, distribution, etc 2014
270 ## - ADDRESS
Address Ministry Of Information and Broadcasting
City New Delhi
Postal code 110003
300 ## - PHYSICAL DESCRIPTION
Extent Vol-7(324p.)
Dimensions 25cm.(Hb)
500 ## - GENERAL NOTE
General note Includes index
505 ## - FORMATTED CONTENTS NOTE
Formatted contents note Vol-7- December 2010 to May 2011
942 ## - ADDED ENTRY ELEMENTS (KOHA)
Source of classification or shelving scheme Dewey Decimal Classification
Item type English Books
Classification part 320.954
Call number suffix MAN
Holdings
Withdrawn status Lost status Not for loan Collection code Home library Current library Date acquired Source of acquisition Cost, normal purchase price Full call number Barcode Copy number Cost, replacement price Koha item type
      Non-fiction Shahdara Branch Shahdara Branch 12/10/2017 DBAD/PUB 635.00 320.954 MAN EN-104387 1 635.00 English Books

© Delhi Public Library
Hit Counter
free hit counter